| 000 | 00492nam a22001697a 4500 | ||
|---|---|---|---|
| 003 | OSt | ||
| 008 | 250122b |||||||| |||| 00| 0 eng d | ||
| 020 | _a07 084 137 3 | ||
| 041 | _aeng | ||
| 082 |
_a581.498 _bRUS / PL |
||
| 100 |
_aRussell, R Scot _96973 |
||
| 245 |
_aPlant Root Systems : _bTheir Function and Interaction with the Soil |
||
| 260 |
_aMaidenhead, England: _bELBS and McGraw Hill Book Company Ltd, _c1982. |
||
| 300 | _a298p. | ||
| 700 |
_aWilkins, MB;ed. _96975 |
||
| 942 | _cBK | ||
| 999 |
_c19102 _d19102 |
||